Statystyki dla 15 krajów o największej liczbie zgonów Covid19 - 7 kwi 2021

Kliknij tutaj aby rozwiązać quiz!

Ogólne statystyki

  • Ten quiz został rozwiązany 26 razy
  • Średni wynik to 13 z 24

Statystyki odpowiedzi

kraj% Poprawnych
Polska
100%
Francja
88%
Rosja
88%
Stany Zjednoczone
88%
Hiszpania
83%
Włochy
79%
Niemcy
75%
Wielka Brytania
71%
Brazylia
67%
Indie
63%
Argentyna
54%
Meksyk
54%
Portugalia
54%
Czechy
50%
Słowacja
50%
Belgia
46%
Słowenia
38%
Iran
33%
Bułgaria
25%
Kolumbia
25%
Węgry
21%
Bośnia i Hercegowina
17%
Macedonia Północna
13%
Peru
13%

Rozkład punktacji

Percentyl według liczby udzielonych odpowiedzi

Procent ludzi z każdym wynikiem

Twoja historia wyników

Nie rozwiązałeś tego quizu